[Event "Helsingor Xtracon op"]
[Site "Helsingor"]
[Date "2018.07.27"]
[Round "8"]
[White "Damm Frydenborg, Anders"]
[Black "Petersen, Peter Birk"]
[Result "1/2-1/2"]
[WhiteElo "1909"]
[BlackElo "2128"]
[PlyCount "43"]
[EventDate "2018.07.21"]
[EventType "swiss"]
[EventRounds "10"]
[EventCountry "DEN"]
[SourceTitle "CBM 185 Extra"]
[Source "ChessBase"]
[SourceDate "2018.07.29"]
[SourceVersion "1"]
[SourceVersionDate "2018.07.29"]
[SourceQuality "1"]

1. e4 c5 2. Nf3 e6 3. g3 Nc6 4. Bg2 Nf6 5. Qe2 d5 6. exd5 Nxd5 7. 0-0 Be7 8. Rd1 0-0 9. d4 cxd4 10. Nxd4 Nxd4 11. Rxd4 Bf6 12. Rd1 Qc7 13. c3 Bd7 14. Nd2 Ba4 15. Re1 Bc6 16. Ne4 Be7 17. c4 Nf6 18. Bf4 Qa5 19. Bd2 Qc7 20. Bc3 Nxe4 21. Bxe4 Rfd8 22. h4 1/2-1/2

[Event "Helsingor Xtracon op"]
[Site "Helsingor"]
[Date "2018.07.21"]
[Round "1"]
[White "Bekker Jensen, Simon"]
[Black "Damm Frydenborg, Anders"]
[Result "1-0"]
[WhiteElo "2483"]
[BlackElo "1909"]
[PlyCount "81"]
[EventDate "2018.07.21"]
[EventType "swiss"]
[EventRounds "10"]
[EventCountry "DEN"]
[SourceTitle "CBM 185 Extra"]
[Source "ChessBase"]
[SourceDate "2018.07.29"]
[SourceVersion "1"]
[SourceVersionDate "2018.07.29"]
[SourceQuality "1"]

1. d4 d5 2. c4 e6 3. Nc3 Be7 4. cxd5 exd5 5. Bf4 c6 6. e3 Bd6 7. Nge2 Ne7 8. Bxd6 Qxd6 9. Ng3 Nd7 10. Bd3 Nf6 11. Qc2 g6 12. 0-0 0-0 13. f3 Ne8 14. Nce2 Ng7 15. e4 f5 16. e5 Qd8 17. f4 Ne6 18. b4 b6 19. Qc3 Bb7 20. Nc1 Qd7 21. Nb3 Rfc8 22. Rac1 Rc7 23. Ne2 Rac8 24. Qb2 c5 25. bxc5 bxc5 26. Nxc5 Nxc5 27. dxc5 Rxc5 28. Rxc5 Rxc5 29. Nd4 Ba8 30. Qb8+ Rc8 31. Qd6 Qxd6 32. exd6 Nc6 33. Rc1 Kf8 34. d7 Rd8 35. Nxc6 Bxc6 36. Rxc6 Rxd7 37. a4 Ke7 38. Kf2 Rb7 39. Bb5 Rb6 40. Rc7+ Kd6 41. Rxa7 1-0

[Event "Helsingor Xtracon op"]
[Site "Helsingor"]
[Date "2017.07.30"]
[Round "10"]
[White "Damm Frydenborg, Anders"]
[Black "Voll, Oddvar U"]
[Result "1/2-1/2"]
[WhiteElo "1614"]
[BlackElo "1942"]
[PlyCount "82"]
[EventDate "2017.07.22"]
[EventType "swiss"]
[EventRounds "10"]
[EventCountry "DEN"]
[SourceTitle "CBM 179 Extra"]
[Source "ChessBase"]
[SourceDate "2017.08.23"]
[SourceVersion "1"]
[SourceVersionDate "2017.08.23"]
[SourceQuality "1"]

1. e4 d5 2. exd5 Nf6 3. Bb5+ Nbd7 4. d4 Nxd5 5. Nf3 c6 6. Be2 e6 7. 0-0 Bd6 8. Re1 0-0 9. Nc3 Nxc3 10. bxc3 e5 11. Bc4 Qc7 12. a4 h6 13. Ba3 Bxa3 14. Rxa3 Re8 15. Nd2 Nf6 16. Ne4 Nxe4 17. Rxe4 Bf5 18. Re3 Be6 19. Qe2 Bxc4 20. Qxc4 Re7 21. Ra1 Rae8 22. Rae1 e4 23. Qc5 a6 24. f3 f5 25. fxe4 Rxe4 26. Rxe4 Rxe4 27. Rxe4 fxe4 28. Qf5 Qe7 29. Kf1 Qf6 30. Qxf6 gxf6 31. g4 h5 32. h3 hxg4 33. hxg4 Kg7 34. c4 f5 35. gxf5 Kf6 36. Ke2 Kxf5 37. Ke3 b6 38. d5 Ke5 39. dxc6 Kd6 40. c7 Kxc7 41. Kxe4 Kc6 1/2-1/2

[Event "Helsingor Xtracon op"]
[Site "Helsingor"]
[Date "2017.07.23"]
[Round "3"]
[White "Rasmussen, Jonas H"]
[Black "Damm Frydenborg, Anders"]
[Result "1-0"]
[WhiteElo "1885"]
[BlackElo "1614"]
[PlyCount "73"]
[EventDate "2017.07.22"]
[EventType "swiss"]
[EventRounds "10"]
[EventCountry "DEN"]
[SourceTitle "CBM 179 Extra"]
[Source "ChessBase"]
[SourceDate "2017.08.23"]
[SourceVersion "1"]
[SourceVersionDate "2017.08.23"]
[SourceQuality "1"]

1. d4 c6 2. c4 d5 3. Nc3 Nf6 4. Nf3 Bf5 5. e3 e6 6. Be2 Nbd7 7. 0-0 Bd6 8. cxd5 exd5 9. Nh4 Bg6 10. Nxg6 hxg6 11. h3 Qc7 12. f4 0-0-0 13. Rb1 Nh5 14. Bxh5 Rxh5 15. b4 Rdh8 16. b5 g5 17. bxc6 bxc6 18. Bd2 gxf4 19. exf4 g5 20. Nxd5 cxd5 21. Rc1 Qxc1 22. Qxc1+ Kb7 23. fxg5 Rf8 24. Qd1 Rh4 25. Be3 Re4 26. Qb3+ Nb6 27. a4 a5 28. Rb1 Bb4 29. Rf1 Nc4 30. Rf3 Kc6 31. h4 Rfe8 32. Bf2 Re1+ 33. Bxe1 Rxe1+ 34. Kh2 Bd6+ 35. Kh3 Rh1+ 36. Kg4 Rg1 37. Qb5+ 1-0